The impact of China's economic reforms upon land, property and construction /

Bibliographic Details
Other Authors: Wills, David, Chen, Jean Jinghan
Format: Book
Language:English
Published: Aldershot, Hants, England ; Brookfield, Vt., USA : Ashgate, [1999]
Subjects:

MARC

Tag First Indicator Second Indicator Subfields
LEADER 00000cam a2200000 a 4500
001 in00001497721
005 20151021085344.0
008 990504s1999 enkab b 000 0 eng c
010 |a  98073882  
015 |a GB98-V3191 
020 |a 184014954X 
035 |a (OCoLC)41311703 
035 |9 AJJ8865AM 
040 |a UKM  |c UKM  |d UMC  |d TXA  |d UtOrBLW 
043 |a a-cc--- 
049 |a TXAM 
082 0 4 |a 338.951  |2 21 
090 |a HC427.92  |b .I47 1999 
245 0 4 |a The impact of China's economic reforms upon land, property and construction /  |c edited by Jean Jinghan Chen, David Wills. 
264 1 |a Aldershot, Hants, England ;  |a Brookfield, Vt., USA :  |b Ashgate,  |c [1999] 
264 4 |c ©1999 
300 |a xii, 177 pages :  |b illustrations, maps ;  |c 23 cm. 
336 |a text  |b txt  |2 rdacontent 
337 |a unmediated  |b n  |2 rdamedia 
338 |a volume  |b nc  |2 rdacarrier 
504 |a Includes bibliographical references (pages 170-177). 
505 0 |a Introduction / [Jean Jinghan Chen and David Wills] -- Urban land management in China : completing the policy agenda / [Andrew Hamer] -- Development of urban land policies in China / [Ling Li and David Isaac] -- China's land reform and the establishment of a property market : problems and prospects / [Keith McKinnell and Anthony Walker] -- Pricing of land in China's reforms / [Ling Hin Li] -- The impact of China's economic reforms upon the construction industry / [Jean Jinghan Chen] -- Foreign investment in the construction industry / [Jean Jinghan Chen] -- Social cost benefit analysis of China's construction investment / [Jean Jinghan Chen] -- Pioneer urban housing reform in China / [Jean Jinghan Chen and David Wills] -- Sustainable development : a Sino-British comparison [David Chambers ... et al.]. 
651 0 |a China  |x Economic policy  |y 1976-2000. 
650 0 |a Land reform  |z China. 
650 0 |a Industrialization  |z China. 
650 0 |a Construction industry  |z China. 
700 1 |a Wills, David. 
700 1 |a Chen, Jean Jinghan. 
948 |a c:dm 
999 |a MARS 
999 f f |s 67777b74-ffa3-3289-a676-f3180ec82c67  |i 34accf40-2b5f-3188-8f4b-0750e92e4b2a  |t 0 
952 f f |p ric  |a Texas A&M University  |b Rellis Campus  |c Joint Library Facility  |d Remote Storage  |t 0  |e HC427.92 .I47 1999  |h Library of Congress classification  |i unmediated -- volume  |m A14825198516 
998 f f |a HC427.92 .I47 1999  |t 0  |l Remote Storage